| 000 | 00421nam a2200181Ia 4500 | ||
|---|---|---|---|
| 001 | 1762 | ||
| 005 | 20260306143752.0 | ||
| 008 | 260306t1986||||xx |||||||||||||| ||spa|| | ||
| 041 | _aESP | ||
| 082 |
_a155.4 _bA32 |
||
| 100 |
_aAgudelo R., Rosa, _eAUT |
||
| 245 | 0 | _aManejo técnico y pedagógico | |
| 260 | _c1986 | ||
| 300 |
_a116 páginas : _c22 cm. |
||
| 650 | _aGEN | ||
| 654 | _aCPS | ||
| 942 |
_cLIB _dJUS _fJUS _2ddc _n |
||
| 999 |
_c1762 _d1762 |
||